1265 1715 1053 1533 1594 1425 1374 1335 1742 1547 1389 1020 1043 1378 1336 1402 1796 1634 1359 1558 1322 1385 1926 1134 1374 1532 1674 1165 1150 1070 1687 1088 1589 1331 1891 1902 1872 1909 1006 1466 1724 1143 1550 1115 1853 1187 1659 1021 1999 1196 1242 1101 1385 1913 1052 1772 1376 1174 1223 1627 1476 1616 1089 1382 1991 1978 1677 1346 1089 1453 1636 1919 1139 1939 1383 1440 1380 1995 1693 1558 1955 1915 1616 1693 1519 1848 1371 1168 1861 1874 1673 1103 1369 1523 1474 1745 1617 1060 1921 BCNSPRNW ULIB Ver.6.0+V

เปลี่ยนเป็นภาษาไทย

Change to English
 แสดงรายละเอียดบรรณานุกรม
  กลับหน้าหลัก

Brief Record : Get Marc (ISO 2709) : E-mail record : QR code < ปิดหน้าต่าง
LEADER : 00000nam 2200000uu 4500
001    13399126617
003     ULIB
008    190123s2553||||th 000 0 tha d
020    ^a9789749510261
060  4 ^aWB110^bส836ต ล.2
100 0  ^aสุรเกียรติ อาชานานุภาพ.
245 10 ^aตำราการตรวจรักษาโรคทั่วไป 2 :^b350 โรคกับการดูแลรักษาและการป้องกัน /^cสุรเกียรติ อาชานานุภาพ.
250    ^aพิมพ์ครั้งที่ 5 ฉบับปรับปรุง
260    ^aกรุงเทพฯ :^bโฮลิสติก พับลิซซิ่ง,^c2553.
300    ^a1236 หน้า :^bภาพประกอบ;^c27 ซม.
520 1  ^aตำราการตรวจรักษาโรคทั่วไป 2: 350 โรคกับการดูแลรักษาและการป้องกันประกอบด้วย ภาค 3 : โรคตามระบบ ครอบคลุมโรคที่สำคัญและ/หรือโรคที่พบบ่อยกว่า 350 ชนิด ภาคผนวก 4 : วิธีใช้ยาโดยสรุป เน้นหัวข้อ "ขนาด-วิธีใช้"ของยาแต่ละชนิดเพื่อใช้ประกอบกับเนื้อหาเกี่ยวกับการรักษาโรคในภาค 3 ส่วนรายละเอียดเกี่ยวกับการใช้ยาสำหรับหนังสือเล่ม 2 นี้มีจุดมุ่งหมายให้ใช้เป็นหนังสือสำหรับค้นคว้าเพิ่มเติมเกี่ยวกับรายละเอียดของโรคต่างๆ.
650  4 ^aโรค^xการป้องกันและควบคุม.
650  4 ^aการใช้ยา.
945    ^p880^l0^i004903
945    ^p880^l0^i004905
945    ^p880^l0^i004904
945    ^p880^l0^i004907
945    ^p880^l0^i004906
999    ^aประนอม เกษจรัล
รายการนี้ยังไม่มีแท็ก
คุณยังไม่ได้ล็อกอิน คุณสามารถมีกิจกรรมร่วมกับเว็บไซต์ได้ แต่ต้องล็อกอินก่อน ::
  ล็อกอิน

รายการสื่อสารสนเทศ

ลำดับที่ ประเภท เลขเรียก/บาร์โค้ด สถานที่ สถานะ
1. วิทยาศาสตร์การแพทย์ และสุขภาพ
หนังสือสำรอง
สถานะ=หนังสือสำรอง
WB110 ส836ต ล.2 ฉ.1 
  Barcode: 004903
ห้องสมุดวิทยาเขตสวรรค์ประชารักษ์
►ส่วนจัดเก็บหนังสือเก่า สปร
บนชั้น
  ขอยืม
2. วิทยาศาสตร์การแพทย์ และสุขภาพ
วิทยาศาสตร์การแพทย์ และสุขภาพ
WB110 ส836ต ล.2 ฉ.2 
  Barcode: 004904
ห้องสมุดวิทยาเขตสวรรค์ประชารักษ์
►ส่วนจัดเก็บหนังสือเก่า สปร
บนชั้น
  ขอยืม
3. วิทยาศาสตร์การแพทย์ และสุขภาพ
วิทยาศาสตร์การแพทย์ และสุขภาพ
WB110 ส836ต ล.2 ฉ.3 
  Barcode: 004905
ห้องสมุดวิทยาเขตสวรรค์ประชารักษ์
►ส่วนจัดเก็บหนังสือเก่า สปร
บนชั้น
  ขอยืม
4. วิทยาศาสตร์การแพทย์ และสุขภาพ
วิทยาศาสตร์การแพทย์ และสุขภาพ
WB110 ส836ต ล.2 ฉ.4 
  Barcode: 004906
ห้องสมุดวิทยาเขตสวรรค์ประชารักษ์
►ส่วนจัดเก็บหนังสือเก่า สปร
บนชั้น
  ขอยืม
5. วิทยาศาสตร์การแพทย์ และสุขภาพ
วิทยาศาสตร์การแพทย์ และสุขภาพ
WB110 ส836ต ล.2 ฉ.5 
  Barcode: 004907
ห้องสมุดวิทยาเขตสวรรค์ประชารักษ์
►ส่วนจัดเก็บหนังสือเก่า สปร
บนชั้น
  ขอยืม

รายการใกล้เคียง
    ผู้แต่ง [สุรเกียรติ อาชานานุภาพ.]

    หัวเรื่อง [การใช้ยา.]

BibComment


ยังไม่เคยถูกคอมเมนท์

คอมเมนท์ทรัพยากรรายการนี้
  คอมเมนท์: ตำราการตรวจรักษา..


 Copyright 2026. Bcnsprnw @Library